000 00709nam a2200277Ia 4500
008 181129s9999 xx 000 0 und d
020 _a9780717278978
050 _bB534 1988
100 _aBerry, Joy
245 0 _aChildren's book about tattling /
245 0 _cby Joy Berry.
260 _aDanburry, Conn. :
260 _bGrolier Enterprises Corp.,
260 _c1988
300 _aunpaged :
300 _bcolor illustrations ;
300 _c18cm.
440 _aHelp me be good.
650 _aConduct of life --
650 _aConduct of life.
650 _aTalebearing --
650 _xJuvenile literature.
650 _xJuvenile literature.
700 _aSeries.
700 _aTitle.
999 _c359512
_d359512